000 00590nam a2200181 a 4500
008 120416s1992 ||||||||||||||||| || u
020 _a0124865526
050 _aQC 174.12 Mac
100 _aMcWeeny, R
245 1 0 _aMethods of molecular quantum mechanics
250 _a2nd ed.
260 _aSan Diego
_bAcademic Press
_c1992
300 _axv, 573p.
350 _a0.00
650 _aMECHANICS
650 _aQUANTUM MECHANICS
995 _D0.00
_FCBU-MAIN LIBRARY (Kitwe)
_H1
_I31.50
_M1
_UAVAILABLE
_ZMain Library Open Access Collection
999 _c51057
_d51057